[Event "Mondiale Lampo FIDE 2022"]
[Site "Alma Ata"]
[Date "29.12.2022"]
[Round "2.26"]
[White "Andriasian, Zaven"]
[Black "Urazayev, Arystanbek"]
[Result "1-0"]
[WhiteTitle ""]
[BlackTitle ""]
[WhiteElo "2580"]
[BlackElo "2465"]
[WhiteFideId "13302000"]
[BlackFideId "13709810"]
[EventDate "29.12.2022"]

1. e4 c6 2. d4 d5 3. e5 c5 4. dxc5 e6 5. Bd3 Nc6 6. Bf4 Bxc5 7. Nf3 Qb6 8. O-O
Nge7 9. Nbd2 Ng6 10. Bg3 O-O 11. h4 h6 12. Nb3 Bd7 13. h5 Nge7 14. Bf4 Nb4 15.
Be2 Bb5 16. c3 Bxe2 17. Qxe2 Nbc6 18. Rad1 Rac8 19. Rd3 a5 20. Nh4 a4 21. Nxc5
Qxc5 22. Rg3 Kh8 23. Rd1 Qc4 24. Qe3 Kh7 25. a3 Qe4 26. Qd2 Nf5 27. Re1 Nxg3 28.
Rxe4 Nxe4 29. Qd3 Kh8 30. f3 Nc5 31. Qe3 Ne7 32. Bxh6 Nf5 33. Nxf5 exf5 34. Bg5
Ne6 35. h6 g6 36. Bf6+ Kh7 37. Qb6 Rc7 38. Qb4 Rc4 39. Qd6 d4 40. cxd4 Rxd4 41.
Qe7 b5 42. Bg7 Rfd8 43. Qxf7 Ng5 44. Qe7 Nxf3+ 45. gxf3 Rd1+ 46. Kf2 R8d2+ 47.
Ke3 f4+ 48. Kxf4 Rd4+ 49. Kg3 Rd7 50. Qe8 g5 51. e6 R7d2 52. Qf7 Rg1+ 53. Kh3
g4+ 54. fxg4 Rh1+ 55. Kg3 Rg1+ 56. Kh4 Rh1+ 57. Kg5 Rd5+ 58. Kf6 Rf1+ 59. Ke7
Rxf7+ 60. exf7 1-0

[Event "Mondiale Lampo FIDE 2022"]
[Site "Alma Ata"]
[Date "29.12.2022"]
[Round "2.27"]
[White "Makhnev, Denis"]
[Black "Cheparinov, Ivan"]
[Result "0-1"]
[WhiteTitle ""]
[BlackTitle ""]
[WhiteElo "2481"]
[BlackElo "2688"]
[WhiteFideId "13707647"]
[BlackFideId "2905540"]
[EventDate "29.12.2022"]

1. d4 d5 2. Nf3 Nf6 3. c4 e6 4. g3 dxc4 5. Bg2 a6 6. O-O Nc6 7. Qd2 Bb4 8. Qc2
b5 9. b3 Bb7 10. bxc4 Nxd4 11. Nxd4 Bxg2 12. Nxe6 fxe6 13. Kxg2 O-O 14. Bb2 Qd6
15. cxb5 axb5 16. Rd1 Qb6 17. Bd4 c5 18. Bxf6 Rxf6 19. Nd2 Bxd2 20. Rxd2 Qc6+
21. Kg1 Raf8 22. e3 c4 23. Rad1 h6 24. Rd8 Qf3 25. Rxf8+ Rxf8 26. Rd2 h5 27. h4
Qf5 28. Qxf5 Rxf5 29. Kf1 b4 30. Rd8+ Kf7 31. Rc8 c3 32. Rc4 Rd5 33. Ke2 Rd2+
34. Ke1 Rxa2 35. Rxb4 Ra1+ 0-1

[Event "Mondiale Lampo FIDE 2022"]
[Site "Alma Ata"]
[Date "29.12.2022"]
[Round "2.28"]
[White "Tari, Aryan"]
[Black "Tin, Jingyao"]
[Result "0-1"]
[WhiteTitle ""]
[BlackTitle ""]
[WhiteElo "2659"]
[BlackElo "2562"]
[WhiteFideId "1510045"]
[BlackFideId "5804418"]
[EventDate "29.12.2022"]

1. e4 c6 2. d4 d5 3. exd5 cxd5 4. Bd3 Nc6 5. c3 Nf6 6. h3 e5 7. dxe5 Nxe5 8. Nf3
Nxd3+ 9. Qxd3 Bd6 10. O-O O-O 11. Bg5 h6 12. Bh4 g5 13. Bg3 Bxg3 14. fxg3 Ne4
15. Nd4 Qd6 16. g4 Bd7 17. Nd2 Rae8 18. Rae1 Ng3 19. Rxe8 Rxe8 20. Rd1 Qf4 21.
Nf1 Ne4 22. Qf3 Qe5 23. Re1 b5 24. Ne3 b4 25. Nef5 Bxf5 26. Qxf5 bxc3 27. bxc3
Qg3 28. Rf1 Qe3+ 29. Kh2 Qg3+ 30. Kh1 Qc7 31. Ne2 Re5 32. Qf3 Nd2 33. Qf2 Nxf1
34. Qxf1 Qc4 35. Ng3 Qxf1+ 36. Nxf1 Re2 37. a4 a5 38. Kh2 Kf8 39. Kg3 Rc2 40.
Kf3 Rxc3+ 41. Ke2 d4 42. Nd2 Re3+ 43. Kd1 Ra3 44. Kc2 Rxa4 45. Ne4 Rb4 46. Nf6
a4 47. Nd7+ Kg7 0-1

[Event "Mondiale Lampo FIDE 2022"]
[Site "Alma Ata"]
[Date "29.12.2022"]
[Round "2.29"]
[White "Lazavik, Denis"]
[Black "Harikrishna, Pentala"]
[Result "1-0"]
[WhiteTitle ""]
[BlackTitle ""]
[WhiteElo "2537"]
[BlackElo "2705"]
[WhiteFideId "13515110"]
[BlackFideId "5007003"]
[EventDate "29.12.2022"]

1. d4 Nf6 2. c4 e6 3. Nf3 d5 4. g3 Be7 5. Bg2 O-O 6. O-O dxc4 7. Qc2 a6 8. a4
Bd7 9. Qxc4 Bc6 10. Bg5 Bd5 11. Qc2 Be4 12. Qc1 Nc6 13. Nbd2 Nxd4 14. Nxd4 Bxg2
15. Nxe6 Qd5 16. Bxf6 Bxf1 17. Nf4 Qd7 18. Bxe7 Rfe8 19. Nxf1 Rxe7 20. Qc2 Rd8
21. Ne3 Qe8 22. Qc3 Red7 23. h4 Qe4 24. Nd3 b6 25. a5 Qb7 26. Nf5 f6 27. Qc4+ 1-0

[Event "Mondiale Lampo FIDE 2022"]
[Site "Alma Ata"]
[Date "29.12.2022"]
[Round "2.30"]
[White "Indjic, Aleksandar"]
[Black "Pranav, V"]
[Result "0-1"]
[WhiteTitle ""]
[BlackTitle ""]
[WhiteElo "2636"]
[BlackElo "2545"]
[WhiteFideId "911925"]
[BlackFideId "25060783"]
[EventDate "29.12.2022"]

1. c4 e5 2. Nf3 Nc6 3. g3 g6 4. Bg2 Bg7 5. d3 d6 6. Nc3 Nge7 7. Rb1 a5 8. a3 O-O
9. O-O Nd4 10. Ne1 c6 11. e3 Ne6 12. Nf3 d5 13. cxd5 cxd5 14. a4 Bd7 15. Re1 Rc8
16. h3 Re8 17. d4 exd4 18. exd4 Qb6 19. Be3 Red8 20. g4 Be8 21. Qd3 Nc6 22. Qb5
Qa7 23. Qd3 Nb4 24. Qd2 Qb8 25. Rbd1 Bxa4 26. Ra1 b5 27. Nxa4 bxa4 28. Rxa4 Nc2
29. Rb1 Nxe3 30. fxe3 Bf8 31. Qxa5 Qb3 32. Re1 Rc2 33. Ra2 Bb4 34. Qb6 Qxa2 35.
Qxb4 Rxb2 36. Qe7 Rxg2+ 37. Kh1 Rg3 0-1

[Event "Mondiale Lampo FIDE 2022"]
[Site "Alma Ata"]
[Date "29.12.2022"]
[Round "2.31"]
[White "Ivic, Velimir"]
[Black "Agmanov, Zhandos"]
[Result "1-0"]
[WhiteTitle ""]
[BlackTitle ""]
[WhiteElo "2572"]
[BlackElo "2442"]
[WhiteFideId "950122"]
[BlackFideId "13708309"]
[EventDate "29.12.2022"]

1. e4 c6 2. d4 d5 3. Nd2 dxe4 4. Nxe4 Nf6 5. Nxf6+ exf6 6. c3 Bd6 7. Bd3 O-O 8.
Ne2 Re8 9. O-O Nd7 10. Ng3 Nf8 11. f4 Bd7 12. f5 Qc7 13. Qg4 Ng6 14. Nh5 Bxh2+
15. Kh1 Bd6 16. Bh6 gxh6 17. Nxf6+ Kh8 18. Qh5 Re7 19. Qxh6 Nf8 20. Nxh7 f6 21.
Nxf8+ Kg8 22. Bc4+ 1-0

[Event "Mondiale Lampo FIDE 2022"]
[Site "Alma Ata"]
[Date "29.12.2022"]
[Round "2.32"]
[White "Bilguun, Sumiya"]
[Black "Adhiban, Baskaran"]
[Result "1-0"]
[WhiteTitle ""]
[BlackTitle ""]
[WhiteElo "2474"]
[BlackElo "2611"]
[WhiteFideId "4901541"]
[BlackFideId "5018471"]
[EventDate "29.12.2022"]

1. e4 c5 2. Nc3 Nc6 3. Bb5 Nd4 4. Nf3 e6 5. O-O a6 6. Bd3 Nxf3+ 7. Qxf3 Qc7 8.
a4 Bd6 9. h3 Ne7 10. b3 Be5 11. Bb2 b6 12. Nd1 Bb7 13. Bxe5 Qxe5 14. Ne3 O-O 15.
Nc4 Qc7 16. Qg3 Qxg3 17. fxg3 Nc8 18. e5 Bd5 19. Ne3 Ne7 20. Nxd5 exd5 21. Rae1
Nc6 22. Bf5 Rad8 23. Bd3 Nb4 24. Rf3 Rfe8 25. c3 Nc6 26. Bxa6 Rxe5 27. Rxe5 Nxe5
28. Re3 f6 29. Bb7 d4 30. cxd4 cxd4 31. Re4 d3 32. Rb4 Rb8 33. Rxb6 Nc6 34. a5
Kf8 35. Bxc6 1-0

[Event "Mondiale Lampo FIDE 2022"]
[Site "Alma Ata"]
[Date "29.12.2022"]
[Round "2.33"]
[White "Ansat, Aldiyar"]
[Black "Shankland, Sam"]
[Result "0-1"]
[WhiteTitle ""]
[BlackTitle ""]
[WhiteElo "2291"]
[BlackElo "2710"]
[WhiteFideId "13715658"]
[BlackFideId "2004887"]
[EventDate "29.12.2022"]

1. e4 c5 2. Nf3 d6 3. d4 cxd4 4. Nxd4 Nf6 5. Nc3 Nc6 6. Bg5 e6 7. Qd2 a6 8. f3
Bd7 9. O-O-O Nxd4 10. Qxd4 Be7 11. Bd3 Qc7 12. Kb1 b5 13. g4 O-O 14. f4 Rfd8 15.
e5 dxe5 16. Qxe5 Qxe5 17. fxe5 Nd5 18. Bxe7 Nxe7 19. Be4 Bc6 20. Rd6 Rdc8 21.
Rhd1 h6 22. a3 Bxe4 23. Nxe4 Ng6 24. g5 h5 25. Rd7 Nxe5 26. Rb7 Rc4 27. Re1 Rd8
28. b3 Rc6 29. Kb2 Rd7 30. Rb8+ Kh7 31. Ng3 Nf3 32. Re2 Kg6 33. Ne4 h4 34. b4
Nxg5 35. Rg2 Rd5 36. Rg8 f6 37. Nc5 h3 38. Re2 e5 39. Ra8 Nf3 40. Re3 Nxh2 41.
Rxh3 Ng4 42. Nxa6 e4 43. Nc5 e3 44. Re8 f5 45. Nd3 Kg5 46. Rh7 g6 47. Rhe7 f4
48. Rf7 Rf5 49. Rxf5+ Kxf5 50. Ne1 Ne5 51. Ng2 g5 52. Rg8 Nc4+ 53. Kc3 f3 54.
Ne1 f2 55. Rf8+ Rf6 0-1

[Event "Mondiale Lampo FIDE 2022"]
[Site "Alma Ata"]
[Date "29.12.2022"]
[Round "2.34"]
[White "Khusenkhojaev, Mustafokhuja"]
[Black "Muradli, Mahammad"]
[Result "0-1"]
[BlackTitle ""]
[WhiteElo "2265"]
[BlackElo "2540"]
[WhiteFideId "14700727"]
[BlackFideId "13409301"]
[EventDate "29.12.2022"]

1. d4 Nf6 2. c4 g6 3. Nc3 Bg7 4. Nf3 O-O 5. g3 c5 6. d5 e6 7. Bg2 exd5 8. cxd5
d6 9. O-O Re8 10. Bf4 a6 11. a4 Qc7 12. Nd2 Nh5 13. Be3 Rxe3 14. fxe3 Nd7 15.
Nc4 Rb8 16. Ne4 Ne5 17. Nexd6 b5 18. Nxe5 Bxe5 19. Nxf7 Bxb2 20. d6 Qb6 21. d7
Bxd7 22. Qxd7 Bxa1 23. Rxa1 Nf6 24. Nh6+ Kh8 25. Qf7 c4 26. axb5 axb5 27. Kh1
Qd6 28. Rf1 Rf8 29. Qb7 Qd7 30. Rxf6 Qd1+ 31. Bf1 Rxf6 32. Qc8+ 0-1

[Event "Mondiale Lampo FIDE 2022"]
[Site "Alma Ata"]
[Date "29.12.2022"]
[Round "2.35"]
[White "Mamedov, Edgar"]
[Black "Adly, Ahmed"]
[Result "0-1"]
[WhiteTitle ""]
[BlackTitle ""]
[WhiteElo "2283"]
[BlackElo "2596"]
[WhiteFideId "13739980"]
[BlackFideId "10601619"]
[EventDate "29.12.2022"]

1. d4 Nf6 2. c4 e6 3. Nf3 d5 4. Nc3 c6 5. e3 Nbd7 6. Qc2 Bd6 7. Bd3 O-O 8. O-O
dxc4 9. Bxc4 e5 10. h3 Qe7 11. b3 b5 12. Bd3 Bb7 13. Bb2 Rac8 14. Ne4 Nxe4 15.
Bxe4 g6 16. dxe5 Nxe5 17. Nxe5 Bxe5 18. Bxe5 Qxe5 19. Rfd1 Rfd8 20. Bf3 Kg7 21.
Rac1 h5 22. b4 Qe7 23. Qc3+ Kg8 24. Rd4 a6 25. Rcd1 Rxd4 26. exd4 Qd6 27. Qc5
Rd8 28. Qxd6 Rxd6 29. Kf1 Kf8 30. Ke2 Bc8 31. d5 cxd5 32. Rxd5 Re6+ 33. Kd2 Ke7
34. Rc5 Rd6+ 35. Ke3 Be6 36. a3 Kd7 37. Be2 Bf5 38. Rc1 Re6+ 39. Kd2 Rf6 40. Ke3
Re6+ 41. Kd2 Be4 42. f3 Bc6 43. h4 Kd6 44. g4 Ke5 45. Ke3 Kf6+ 46. Kf2 Bd5 47.
gxh5 gxh5 48. Rc8 Ke5 49. Rh8 Kd4 50. Rxh5 Bc4 51. Bf1 Kc3 52. Rh8 Kb3 53. h5
Bxf1 54. Kxf1 Kxa3 55. h6 Kxb4 56. h7 Rh6 57. Kg2 a5 58. Kg3 a4 59. Kg4 f6 60.
Kf5 a3 61. Ra8 Rxh7 62. Kxf6 Kb3 63. f4 a2 64. f5 Rh1 0-1

[Event "Mondiale Lampo FIDE 2022"]
[Site "Alma Ata"]
[Date "29.12.2022"]
[Round "2.36"]
[White "Shimanov, Aleksandr"]
[Black "Sapenov, Daniyal"]
[Result "1-0"]
[WhiteTitle ""]
[BlackTitle ""]
[WhiteElo "2581"]
[BlackElo "2323"]
[WhiteFideId "4198603"]
[BlackFideId "13728911"]
[EventDate "29.12.2022"]

1. e4 e5 2. Nf3 Nc6 3. Nc3 Nf6 4. h3 Bb4 5. Nd5 Bc5 6. c3 Bb6 7. d3 h6 8. g3
Nxd5 9. exd5 Ne7 10. Nxe5 d6 11. Qa4+ Kf8 12. Nf3 Nxd5 13. Bg2 Bd7 14. Qe4 Bc6
15. Qe2 Qf6 16. O-O Re8 17. Qd1 g5 18. d4 Kg7 19. Bd2 Ne7 20. h4 Nf5 21. h5 Re7
22. Nh2 Rhe8 23. Bxc6 bxc6 24. Qf3 c5 25. Ng4 Qe6 26. Rae1 Qd7 27. d5 c4 28. b3
cxb3 29. axb3 Rxe1 30. Bxe1 Re7 31. c4 Bd4 32. Bc3 Kh7 33. Bxd4 Nxd4 34. Qd3+
Qf5 35. Qxd4 1-0

[Event "Mondiale Lampo FIDE 2022"]
[Site "Alma Ata"]
[Date "29.12.2022"]
[Round "2.37"]
[White "Artemiev, Vladislav"]
[Black "Khusnutdinov, Rustam"]
[Result "1-0"]
[WhiteTitle ""]
[BlackTitle ""]
[WhiteElo "2701"]
[BlackElo "2441"]
[WhiteFideId "24101605"]
[BlackFideId "13701703"]
[EventDate "29.12.2022"]

1. Nf3 d5 2. g3 Nd7 3. c4 dxc4 4. Qa4 a6 5. Qxc4 b5 6. Qc2 Bb7 7. Bg2 Ngf6 8.
O-O e5 9. a4 Bd6 10. d4 exd4 11. Nxd4 Bxg2 12. Kxg2 O-O 13. Nd2 Re8 14. Nc6 Qc8
15. Nb3 Ne5 16. Nxe5 Rxe5 17. Qc6 Rb8 18. Kg1 Rb6 19. Qf3 Qh3 20. axb5 Rexb5 21.
Nd4 Rh5 22. Qg2 Qxg2+ 23. Kxg2 Rd5 24. Ra4 Be5 25. Nf5 Kf8 26. Ne3 Rd4 27. Nc4
Rc6 28. b3 Bd6 29. Bb2 Re4 30. Bxf6 gxf6 31. e3 Rc5 32. Rxa6 Rb5 33. Rxd6 cxd6
34. Nxd6 Reb4 35. Nxb5 Rxb5 36. Rb1 Ke7 37. b4 Kd6 38. Kf3 Kc6 39. Rc1+ Kb6 40.
Rc4 h5 41. Rf4 1-0

[Event "Mondiale Lampo FIDE 2022"]
[Site "Alma Ata"]
[Date "29.12.2022"]
[Round "2.40"]
[White "Matlakov, Maxim"]
[Black "Paravyan, David"]
[Result "1/2-1/2"]
[WhiteTitle ""]
[BlackTitle ""]
[WhiteElo "2662"]
[BlackElo "2586"]
[WhiteFideId "4168003"]
[BlackFideId "4194985"]
[EventDate "29.12.2022"]

1. e4 e5 2. Nf3 Nf6 3. Nxe5 d6 4. Nf3 Nxe4 5. d3 Nf6 6. d4 g6 7. Bb5+ c6 8. Bd3
Bg7 9. O-O O-O 10. h3 c5 11. Nc3 Nc6 12. Be3 b6 13. a3 Bb7 14. Re1 Re8 15. Bf1
h6 16. Qd2 Kh7 17. Rad1 Ne7 18. dxc5 Bxf3 19. gxf3 dxc5 20. Qxd8 Raxd8 21. Rxd8
Rxd8 22. Bxc5 Nf5 23. Be3 Nxe3 24. fxe3 Re8 25. Bc4 Kg8 26. Kf2 Rc8 27. b3 Nd7
28. Nd5 Kf8 29. f4 b5 30. Bxb5 Rxc2+ 31. Kf3 Rc5 32. Bc4 Nb6 33. Nxb6 axb6 34.
a4 Ke7 35. Rd1 g5 36. Bb5 gxf4 37. Kxf4 Be5+ 38. Ke4 Bd6 39. Rf1 Re5+ 40. Kd3
Rh5 41. Rf3 Rh4 42. Bc4 f6 43. Kc3 Re4 44. b4 h5 45. a5 b5 46. Bxb5 Bxb4+ 47.
Kd3 Re5 48. Bc4 Bxa5 49. Rg3 Bb6 50. Rg7+ Kd6 51. e4 Rg5 52. Rxg5 1/2-1/2

[Event "Mondiale Lampo FIDE 2022"]
[Site "Alma Ata"]
[Date "29.12.2022"]
[Round "2.41"]
[White "Maghsoodloo, Parham"]
[Black "Suleymanli, Aydin"]
[Result "1-0"]
[WhiteTitle ""]
[BlackTitle ""]
[WhiteElo "2719"]
[BlackElo "2543"]
[WhiteFideId "12539929"]
[BlackFideId "13413937"]
[EventDate "29.12.2022"]

1. d4 d5 2. c4 dxc4 3. e4 b5 4. a4 c6 5. axb5 cxb5 6. Nc3 Qb6 7. Nf3 e6 8. Be3
Bb4 9. d5 Qb7 10. Bd4 Nf6 11. Be2 Nxe4 12. Bxg7 Rg8 13. O-O Bxc3 14. Bxc3 Qxd5
15. Qc1 Bb7 16. Rd1 Qf5 17. Qe3 Nd7 18. Rxa7 Rxa7 19. Qxa7 Qc5 20. Qxc5 Ndxc5
21. Bd4 Ke7 22. Be3 f6 23. Nd4 Nd6 24. f3 Nd7 25. Nc2 Ra8 26. Bd2 Ke8 27. Bb4
Nf5 28. g4 Nh4 29. Kf2 Ng6 30. Nd4 Kf7 31. Nxb5 Bc6 32. Nd4 Bd5 33. Nf5 Nde5 34.
Ne3 Nf4 35. Bc3 Nxe2 36. Bxe5 fxe5 37. Kxe2 Ra2 38. Rd2 Kf6 39. h4 Kg6 40. Kf2
c3 41. Rd1 cxb2 42. Rb1 e4 43. f4 h5 44. g5 Bc6 45. Nc4 Bb5 46. Ne5+ Kf5 47. Ke3
Ra3+ 48. Kd4 e3 49. Rxb2 e2 50. Rxb5 Ra4+ 51. Kd3 Kxf4 52. Kxe2 Re4+ 53. Kf2
Rxe5 54. Rxe5 Kxe5 55. Ke3 Kf5 56. Kd4 e5+ 57. Kd5 e4 58. Kd4 Kf4 59. g6 e3 60.
g7 e2 61. g8=Q e1=Q 62. Qg5+ Kf3 63. Qxh5+ Kg3 64. Qg5+ Kf3 65. h5 Qb4+ 66. Ke5
Qc5+ 67. Kf6 Qd6+ 68. Kg7 Qd7+ 69. Kg6 Qe8+ 70. Kh7 Qf7+ 71. Kh6 Qf8+ 72. Qg7
Qd6+ 73. Kh7 Qd3+ 74. Kg8 Kf4 75. Qf6+ Ke3 76. h6 Qd5+ 77. Kg7 Qd7+ 78. Kg6 Qd3+
79. Kg5 Qd5+ 80. Kg6 Qd3+ 81. Qf5 Qd6+ 82. Kh5 Qh2+ 83. Kg5 Qg3+ 84. Kf6 Qd6+
85. Qe6+ 1-0

[Event "Mondiale Lampo FIDE 2022"]
[Site "Alma Ata"]
[Date "29.12.2022"]
[Round "2.42"]
[White "Kadric, Denis"]
[Black "Vakhidov, Jakhongir"]
[Result "1/2-1/2"]
[WhiteTitle ""]
[BlackTitle ""]
[WhiteElo "2584"]
[BlackElo "2607"]
[WhiteFideId "14403803"]
[BlackFideId "14201801"]
[EventDate "29.12.2022"]

1. e4 c5 2. Nc3 Nc6 3. Nge2 g6 4. d4 cxd4 5. Nxd4 Bg7 6. Be3 Nf6 7. Bc4 O-O 8.
Bb3 d6 9. f3 Bd7 10. h4 h5 11. Qd2 Ne5 12. O-O-O Rc8 13. Kb1 Nc4 14. Bxc4 Rxc4
15. b3 Rc8 16. Nde2 Re8 17. Bh6 Qa5 18. Bxg7 Kxg7 19. Rhe1 b5 20. Nd5 Qxd2 21.
Rxd2 Nxd5 22. exd5 Rc5 23. Ng3 Bf5 24. Kb2 Kf6 25. Ne4+ Bxe4 26. Rxe4 e5 27.
dxe6 Rxe6 28. Red4 Ke7 29. a4 a6 30. axb5 axb5 31. Ka3 Kd7 32. Rf4 f5 33. Kb4
Kc6 34. Rfd4 d5 35. c4 bxc4 36. bxc4 Rxc4+ 37. Rxc4+ dxc4 38. Kxc4 Re1 39. Ra2
Kd6 40. Ra6+ Ke5 41. Rxg6 Rh1 42. g3 f4 43. Rg5+ Kf6 44. gxf4 Rxh4 45. Kd3 1/2-1/2

[Event "Mondiale Lampo FIDE 2022"]
[Site "Alma Ata"]
[Date "29.12.2022"]
[Round "2.43"]
[White "Arjun, Kalyan"]
[Black "Mamedov, Rauf"]
[Result "0-1"]
[WhiteTitle ""]
[BlackTitle ""]
[WhiteElo "2505"]
[BlackElo "2646"]
[WhiteFideId "35018701"]
[BlackFideId "13401653"]
[EventDate "29.12.2022"]

1. e4 c5 2. Nf3 Nc6 3. d4 cxd4 4. Nxd4 g6 5. c4 Nf6 6. Nc3 d6 7. Be2 Bg7 8. Be3
O-O 9. O-O Nxd4 10. Bxd4 a5 11. f3 Bd7 12. b3 Bc6 13. Rc1 Nd7 14. Be3 Nc5 15.
Qd2 Qb6 16. Nd5 Bxd5 17. cxd5 Qb4 18. Rc2 Qxd2 19. Rxd2 Rfc8 20. Rc1 Na6 21.
Rxc8+ Rxc8 22. Bxa6 bxa6 23. Kf2 f5 24. Ke2 fxe4 25. fxe4 a4 26. bxa4 Rc4 27.
Kd3 Rxa4 28. Rc2 Kf7 29. g4 h5 30. gxh5 gxh5 31. Rf2+ Ke8 32. Rc2 Be5 33. h4
Ra3+ 34. Ke2 Kf7 35. Bf2 a5 36. Kf1 a4 37. Kg2 Rd3 38. Be1 Re3 39. Bd2 Rxe4 40.
Bg5 Bf6 41. Bxf6 Kxf6 42. Kg3 Ke5 43. Rd2 Re3+ 44. Kg2 Kf4 45. Rd4+ Re4 46. Rd2
Kg4 47. Rf2 Kxh4 48. Rf7 Kg5 49. Kf3 Re5 50. Rh7 Kg6 51. Rh8 Rxd5 52. Ra8 Rd4 0-1

[Event "Mondiale Lampo FIDE 2022"]
[Site "Alma Ata"]
[Date "29.12.2022"]
[Round "2.44"]
[White "Esipenko, Andrey"]
[Black "Gadimbayli, Abdulla"]
[Result "1/2-1/2"]
[WhiteTitle ""]
[BlackTitle ""]
[WhiteElo "2678"]
[BlackElo "2524"]
[WhiteFideId "24175439"]
[BlackFideId "13404938"]
[EventDate "29.12.2022"]

1. e4 e5 2. Nf3 d5 3. exd5 e4 4. Qe2 Nf6 5. d3 Bb4+ 6. Bd2 O-O 7. dxe4 Re8 8. e5
Nxd5 9. Qe4 Nc6 10. Bc4 Nf6 11. Qf4 Bd6 12. Bc3 Qe7 13. O-O Nxe5 14. Nxe5 Bxe5
15. Bxe5 Qxe5 16. Qxe5 Rxe5 17. Nc3 Bf5 18. Rfe1 Rxe1+ 19. Rxe1 Re8 20. Rxe8+
Nxe8 21. Bb3 c6 22. f3 Kf8 23. g4 Bg6 24. Kf2 Ke7 25. h4 h6 26. Ne2 Nd6 27. Ke3
f6 28. h5 Bf7 29. Bxf7 Kxf7 30. Nd4 Nc4+ 31. Ke4 Nxb2 32. Nf5 Nc4 33. Kd4 Ne5
34. f4 Nxg4 35. Nd6+ Ke6 36. Nxb7 Kf5 37. Nd8 g6 38. hxg6 Kxg6 39. Ke4 f5+ 40.
Kf3 c5 41. c4 Nf6 42. Nc6 a6 43. Ne7+ Kf7 44. Nxf5 h5 45. Nd6+ Ke6 46. Nb7 Nd7
47. Ke4 Nf6+ 48. Kf3 Nd7 49. Ke4 Nf6+ 1/2-1/2

[Event "Mondiale Lampo FIDE 2022"]
[Site "Alma Ata"]
[Date "29.12.2022"]
[Round "2.45"]
[White "Svane, Frederik"]
[Black "Gelfand, Boris"]
[Result "1/2-1/2"]
[WhiteTitle ""]
[BlackTitle ""]
[WhiteElo "2568"]
[BlackElo "2667"]
[WhiteFideId "12923044"]
[BlackFideId "2805677"]
[EventDate "29.12.2022"]

1. e4 c5 2. Nf3 Nc6 3. Bb5 e6 4. O-O Nge7 5. Re1 a6 6. Bf1 d5 7. exd5 Nxd5 8. d4
Nf6 9. Be3 cxd4 10. Nxd4 Bd7 11. c4 Qc7 12. h3 Bd6 13. Nc3 O-O 14. Nf3 Ne7 15.
Rc1 Bc6 16. Nd4 Rfd8 17. Qe2 Bh2+ 18. Kh1 Bf4 19. Red1 Ng6 20. b4 Qe5 21. Bxf4
Qxf4 22. Nxc6 bxc6 23. g3 Qc7 24. Bg2 Rab8 25. Rxd8+ Rxd8 26. c5 Qb7 27. a3 Ne7
28. Na4 Ned5 29. Nb2 a5 30. bxa5 Ra8 31. Nc4 Qb5 32. Qe1 h5 33. a4 Qxa4 34. Nb6
Qxa5 35. Nxa8 Qxa8 36. Ra1 Qb8 37. Qb1 Qf8 38. Ra6 Qc8 39. Ra7 g6 40. Qb7 Qxb7
41. Rxb7 Kf8 42. Kg1 Ke8 43. Ra7 Nd7 44. Bxd5 exd5 45. Rc7 Nxc5 46. Rxc6 Ne6 47.
Ra6 Ke7 48. Kg2 Kf6 49. h4 Ke5 50. Ra7 f5 51. Kf3 f4 52. gxf4+ Nxf4 53. Rg7 Kf6
54. Rd7 Ke5 55. Rd8 Ne6 56. Rg8 Kf6 57. Ke3 Ng7 58. Kf4 Ne6+ 59. Kg3 Ng7 60. Rd8
Nf5+ 61. Kf4 Nxh4 62. Rd6+ Kg7 63. Rxd5 Kh6 64. Ra5 Nf5 65. Ra8 Nd6 66. Ra5 Nf7
67. Ra6 Kg7 68. Rb6 Kh7 69. Ke4 Kg7 70. f4 Kh7 71. Ra6 Kg7 72. Kd5 Nh6 73. Ke6
Ng4 74. Ra7+ Kh6 75. Ra8 Ne3 76. Kf7 Kh7 77. Rg8 Nd5 78. Rxg6 Nxf4 79. Rf6 Nd3
80. Rf5 Kh6 81. Kf6 h4 82. Rf3 Nc5 83. Rf4 Kh5 84. Rf5+ Kg4 85. Rxc5 h3 86. Rc4+
Kg3 87. Kg5 h2 88. Rc3+ Kg2 89. Rc2+ Kg1 90. Rxh2 1/2-1/2

[Event "Mondiale Lampo FIDE 2022"]
[Site "Alma Ata"]
[Date "29.12.2022"]
[Round "2.46"]
[White "Madaminov, Mukhiddin"]
[Black "Predke, Alexandr"]
[Result "0-1"]
[WhiteTitle ""]
[BlackTitle ""]
[WhiteElo "2438"]
[BlackElo "2684"]
[WhiteFideId "14210703"]
[BlackFideId "24107581"]
[EventDate "29.12.2022"]

1. d4 d5 2. Nc3 c5 3. e4 dxe4 4. d5 Nf6 5. Nge2 g6 6. Ng3 Bg7 7. Ngxe4 Nbd7 8.
Be2 O-O 9. O-O b6 10. Nxf6+ Nxf6 11. Re1 Bb7 12. Bc4 a6 13. a4 Qd7 14. h3 Rad8
15. Bg5 Rfe8 16. Qe2 Nxd5 17. Nxd5 Bxd5 18. Bxa6 Bxg2 19. Kxg2 Qd5+ 20. Qf3
Qxg5+ 21. Kf1 Rd4 22. Re4 Rxe4 23. Qxe4 Bxb2 24. Rb1 Rd8 25. Qe3 Qf6 26. Bc4 Bd4
27. Qg3 Be5 28. Qe3 Rd4 29. Be2 Rf4 30. f3 Bd4 31. Qb3 Qh4 0-1

[Event "Mondiale Lampo FIDE 2022"]
[Site "Alma Ata"]
[Date "29.12.2022"]
[Round "2.47"]
[White "Sjugirov, Sanan"]
[Black "Daneshvar, Bardiya"]
[Result "0-1"]
[WhiteTitle ""]
[BlackTitle ""]
[WhiteElo "2712"]
[BlackElo "2500"]
[WhiteFideId "4189302"]
[BlackFideId "12576468"]
[EventDate "29.12.2022"]

1. d4 Nf6 2. c4 e6 3. Nf3 d5 4. Nc3 Bb4 5. Bg5 h6 6. Bxf6 Qxf6 7. e3 O-O 8. cxd5
exd5 9. Bd3 c6 10. O-O Re8 11. a3 Bf8 12. e4 dxe4 13. Nxe4 Qd8 14. Re1 Be6 15.
Bc2 Nd7 16. Qd3 Bf5 17. Qb3 Qb6 18. Qc3 g6 19. Ne5 Qd8 20. Bb3 Be6 21. Nxd7 Bxd7
22. Qf3 Re7 23. Nd6 Be6 24. Bxe6 Qxd6 25. Bb3 Rae8 26. Rxe7 Rxe7 27. Rd1 Bg7 28.
d5 c5 29. h4 h5 30. Bc2 Bxb2 31. a4 Kg7 32. Bd3 b6 33. Bb5 Bd4 34. g3 Re5 35.
Bd3 Qxd5 36. Qxd5 Rxd5 37. Kg2 Rd6 38. Bc4 Kf6 39. Rd3 Rd7 40. Rf3+ Kg7 41. Rb3
Re7 42. a5 bxa5 43. Ra3 Rb7 44. Rxa5 Rb4 45. Bd5 c4 46. Ra6 c3 47. Rc6 Rb2 48.
Rc7 Rxf2+ 49. Kh3 a5 50. Rc4 Rd2 51. Rc7 Rf2 52. Rc4 Be5 53. Rc5 Bd6 54. Rc6 Bb4
55. Rc7 Kf8 56. Rc8+ Ke7 57. Rc6 Kd7 58. Rc4 Kd6 59. Be4 f5 60. Bc6 Rd2 61. Be8
Kd5 62. Bf7+ Ke5 63. Bxg6 c2 64. Be8 Ba3 0-1

[Event "Mondiale Lampo FIDE 2022"]
[Site "Alma Ata"]
[Date "29.12.2022"]
[Round "2.48"]
[White "Moussard, Jules"]
[Black "Gurel, Ediz"]
[Result "1-0"]
[WhiteTitle ""]
[BlackTitle ""]
[WhiteElo "2684"]
[BlackElo "2454"]
[WhiteFideId "642908"]
[BlackFideId "44507356"]
[EventDate "29.12.2022"]

1. c4 Nf6 2. Nf3 e6 3. e3 d5 4. Nc3 Be7 5. b3 O-O 6. Bb2 c6 7. g3 Nbd7 8. Bg2
Re8 9. O-O Bf8 10. d3 a5 11. a3 b6 12. Qc2 Ba6 13. Rfd1 Rc8 14. Rac1 Qc7 15. Qb1
Qb8 16. Ne2 e5 17. d4 e4 18. Ne5 Bd6 19. Nxd7 Nxd7 20. Qc2 Nf6 21. Qd2 h6 22. a4
Bb4 23. Bc3 Ba3 24. Rb1 Be7 25. Nf4 g5 26. Ne2 Qc7 27. c5 Bd3 28. cxb6 Qxb6 29.
Rb2 Bb4 30. Nc1 Bxc3 31. Qxc3 Ba6 32. Na2 c5 33. dxc5 Rxc5 34. Qd4 Rec8 35. h3
Qe6 36. b4 axb4 37. Nxb4 Bc4 38. Ra1 Ra5 39. Qd2 Rca8 40. Nc2 Rxa4 41. Rxa4 Rxa4
42. Nd4 Qd7 43. Qc3 Ra8 44. Rb6 Ra6 45. Rb8+ Kg7 46. g4 Kg6 47. Nf5 h5 48. Rg8+ 1-0